000 00669nam a2200241Ia 4500
003 OSt
005 20220925212435.0
006 a|||||r|||| 00| 0
007 ta
008 220923b |||||||| |||| 00| 0 eng d
037 _cGeneral Book
040 _aRTL
_cRTL
_beng
041 _2eng
_aeng
082 _aY:434.1(X).N7, M2
100 _aLloyd Peter
_969924
245 0 _aThird world proletariat?
260 _aLondon
_bAllen & Unwin
_c1982
300 _a139p
_ccm.
490 _aControversies in sociology.11
650 _aFamine and Drought
_9232545
942 _hY:434.1(X).N7, M2
_cGB
_2CC
999 _c560364
_d560364